Termodynamika

Saved in:
Bibliographic Details
Main Author: Antal, Štefan, 1937- (Author)
Format: Book
Language:Slovak
Published: Bratislava : STU v Bratislave, 1992
Edition:1. vyd.
Subjects:
Online Access:OBSAH
Tags: Add Tag
No Tags, Be the first to tag this record!

MARC

LEADER 00000nam a22000003a 4500
001 stu46123
005 20150617225716.2
008 980122s1992----cs------------------slo-d
020 |a 80-227-0495-4 
040 |a STU  |b slo 
041 0 |a slo 
044 |a cs 
080 |a 536.7(075.8) 
100 1 |a Antal, Štefan,  |d 1937-  |4 aut  |u J270  |U SjF Ústav tepelnej energetiky  |T SjF Katedra tepelnej techniky  |X 2486  |U J270  |Y 51  |7 A000002486 
245 1 |a Termodynamika 
250 |a 1. vyd. 
260 |a Bratislava :  |b STU v Bratislave,  |c 1992 
300 |a 316 s 
650 7 |a termodynamika  |2 stusub 
856 4 |a https://sweb.mtf.stuba.sk/obsahy/Termodynamika_92.pdf  |u https://sweb.mtf.stuba.sk/obsahy/Termodynamika_92.pdf  |3 OBSAH 
996 |b 284J003456  |c J*97698  |l JJST  |s P  |a 0  |w stu46123_0001 
996 |b 284M004346  |c M*S-911-5  |l MMKN  |s A  |a 24  |w stu46123_0003 
996 |b 284M034503  |c M*S-911-1  |l MMST  |s A  |a 24  |w stu46123_0004 
996 |b 284M001929  |c M*S-911-3  |l MMKN  |s A  |a 24  |w stu46123_0005 
996 |b 284M004347  |c M*S-911-4  |l MMKN  |s A  |a 24  |w stu46123_0006 
996 |b 284M001928  |c M*S-911-7  |l MMKN  |s A  |a 24  |w stu46123_0007 
996 |b 284M030520  |c M*S-911-8  |l MMKN  |s A  |a 24  |w stu46123_0008 
996 |b 284M006562  |c M*S-911-9  |l MMKN  |s A  |a 24  |w stu46123_0009 
996 |b 284M001930  |c M*S-911-10  |l MMKN  |s A  |a 24  |w stu46123_0010